Decisions from the Sixth Meeting of the ... , the Hague, the Netherlands, 7-19 April 2002 : action for a sustainable future

Bibliographic Details
Corporate Author: CONFERENCE of the Parties to the Convention on Biological Diversity
Format: Book
Published: Montreal : Secretariat of the Convention on Biological Diversity , 2002
Subjects:

MARC

LEADER 00000cam a2200000 7i4500
001 0000000335
005 20040311.0
020 0 0 |a 9280722549 
090 0 0 |a 333.9516   |b CON 2002 
110 1 0 |a CONFERENCE of the Parties to the Convention on Biological Diversity   |k 2002   |j The Netherlands 
245 0 4 |a Decisions from the Sixth Meeting of the ... , the Hague, the Netherlands, 7-19 April 2002 :   |b action for a sustainable future 
260 0 0 |a Montreal :   |b Secretariat of the Convention on Biological Diversity ,   |c 2002 
300 |a x, 344 p. ;   |c 21 cm. 
650 0 0 |a Biological diversity conservation   |x Law and legislation 
650 0 0 |a Biological diversity   |x Congresses 
650 0 0 |a Convention on biological diversity   |x Congresses 
998 |a JPSM 
999 |a 0000001505   |b Monograph   |c Reference   |e Default branch 
999 |a 0000001506   |b Monograph   |c Open Shelf   |e Default branch 
999 |a 0000001507   |b Monograph   |c Open Shelf   |e Default branch 
999 |a 0000001508   |b Monograph   |c Open Shelf   |e Default branch 
999 |a 0000001509   |b Monograph   |c Open Shelf   |e Default branch 
999 |a 0000003512   |b Monograph   |c Open Shelf   |e Default branch 
999 |a 0000005212   |b Monograph   |c Open Shelf   |e Default branch